Statistics for FIFA World Cup Final Host Cities

Click here to take the quiz!

General Stats

  • This quiz has been taken 129 times
  • The average score is 16 of 20

Answer Stats

YearsHost nation% Correct
1950, 2014Rio de Janeiro
98%
2018Moscow
95%
1934, 1990Rome
95%
1998Saint-Denis
94%
1938Paris
93%
1970, 1986Mexico City
91%
1966London
90%
2006Berlin
89%
1982Madrid
89%
2010Johannesburg
88%
2002Yokohama
87%
1930Montevideo
85%
1994Pasadena
85%
1978Buenos Aires
84%
1958Solna
80%
1974Munich
74%
1962Santiago
64%
1954Bern
57%
2022Lusail
13%
2026New Jersey
8%

Score Distribution

Percentile by Number Answered

Percent of People with Each Score

Your Score History

You have not taken this quiz